000 02807nam a2200325 a 4500
003 OSt
005 20250423105057.0
007 cr ||||||a|c|a
008 250224s2024 mx a|||fom||| 001 0 spa d
040 _erda
100 1 _aMadrigal Mendoza, Selene Lizbeth
_9190157
245 1 0 _aIdentificación de enfermedades fungosas en durazno (Prunus pérsica) en Ucareo, Michoacán /
_cpor Selene Lizbeth Madrigal Mendoza; director de tesis Santos Gerardo Leyva Mir; secretario Isabel Nativitas Lima; vocal Moises Camacho Tapia; suplente Calixto Leopoldo Carrillo Fonseca; suplente Candelario Santillan Ortega.
264 1 _aChapingo, México :
_bEl autor,
_c2024.
300 _a1 recurso en línea (54 páginas):
_bcuadros, figuras.
336 _2rdacontent
_atexto
_btxt
337 _2rdamedia
_acomputadora
_bc
338 _2rdacarrier
_arecurso en línea
_bcr
502 _bIAEPA
_cParasitología
_d2024.
_gLIC
504 _aIncluye referencias bibliográficas: páginas 49-51.
520 _aEl durazno (Prunus persica L Bastch) es un cultivo de climas templados. Pertenece a la familia rosaceae. Existen diversas causas que afectan el valor comercial del cultivo como las enfermedades causadas por hongos, principalmente en fruto, hojas y raíces. En la zona de Zinapécuaro, Michoacán, se muestrearon 50 árboles de los cuales se obtuvieron hojas, frutos y raíces de durazno, con síntomas característicos de enfermedades fúngicas. En el laboratorio de Parasitología Agrícola en la Universidad Autónoma Chapingo se aislaron utilizando como medios de cultivo, PDA sintético, Agua-Agar y Malta-Agar. La caracterización molecular se realizó mediante extracción de ADN a partir de aislados con siete días previos de crecimiento. Se determinó que el síntoma colectado coincide con el agente causal aislado. Según los resultados obtenidos se logró la identificación de 6 hongos; de los cuales en fruto se encuentran Cladosporium sp y Sphaeroteca pannosa. Mientras que en la raíz fue determinada la presencia de Fusarium oxisporum y Mortierella sp., afectando el área de las hojas se presentó un 100% de Taphrina deformans. Se detectó también Didymella glomerata como agente causal de cancro en ramas y tallos.
650 4 _aDurazno
_xEnfermedades por hongos
_934595
650 4 _aHongos
_xIdentificación
_956105
700 1 _aLeyva Mir, Santos Gerardo
_966581
_eDirector de tesis.
700 1 _aNativitas Lima, Isabel
_9129577
_eSecretario.
700 1 _aCamacho Tapia, Moises
_917710
_eVocal.
700 1 _aCarrillo Fonseca, Calixto Leopoldo
_919482
_eSuplente.
700 0 _aSantillán Ortega, Candelario
_9102429
_eSuplente.
856 _uhttp://10.13.5.2/tesis/tl/1611404-5_MADRIGAL_MENDOZA_SELENELIZBETH.pdf
_zDESCARGAR PDF
942 _2Clasificación Universidad Autónoma Chapingo
_cTD
999 _c220483
_d220483